Asymptotic theory of statistics and probability (Record no. 21360)

MARC details
000 -LEADER
fixed length control field 00467nam a2200169Ia 4500
008 - FIXED-LENGTH DATA ELEMENTS--GENERAL INFORMATION
fixed length control field 230917s9999||||xx |||||||||||||| ||und||
020 ## - ISBN
Price EUR73.95
040 ## - CATALOGING SOURCE
-- 237830
Original cataloging agency VIVEKANANDA LIBRARY
041 ## - Language
-- English
082 ## - DDC NUMBER
Classification number 519.2 D26A
100 ## - MAIN ENTRY--PERSONAL NAME
Personal name DasGupta, Anirban
245 #0 - TITLE STATEMENT
Title Asymptotic theory of statistics and probability
260 ## - PUBLICATION, DISTRIBUTION, ETC. (IMPRINT)
Place of publication, distribution, etc New Youd
Name of publisher, distributor, etc Springer
Date of publication, distribution, etc 2008
300 ## - PHYSICAL DESCRIPTION
Pages xxvii, 722 p.
500 ## - GENERAL NOTE
General note 2605 09/02/2017 HBD17/6866 08/03/2017 Main Budget
942 ## - ADDED ENTRY ELEMENTS (KOHA)
Koha item type Books
Holdings
Withdrawn status Lost status Damaged status Not for loan Location (home branch) Sublocation or collection (holding branch) Date acquired Koha issues (times borrowed) Koha full call number Accession No. Koha date last seen Koha item type
        VIVEKANANDA LIBRARY VIVEKANANDA LIBRARY 31/03/2017   519.2 D26A 361381 17/09/2023 Books
© Designed and Maintained by Vivekananda Library, MDU Rohtak